| 000 | 00714nam a2200253Ia 4500 | ||
|---|---|---|---|
| 001 | 30274 | ||
| 005 | 20240114001440.0 | ||
| 007 | ta | ||
| 008 | 060718s1944 g b000 u 465 u | ||
| 040 | _aCotton College,Assam | ||
| 041 | _a465 | ||
| 082 |
_a294.12381 _bJ 559 C |
||
| 100 | _aJhavery, Mohanlal Bhagwandas . | ||
| 245 | 0 |
_aComparative and Critical Study of Mantrasastra / _cMohanlal Bhagwandas Jhavery. _hTextual Documents |
|
| 250 | _a1st ed. / | ||
| 260 |
_aAhmedabad : _bSarabhai Manilal Nawab , _c1944. |
||
| 300 |
_a136p. ; _c1st ed.. |
||
| 653 | _aReligion-Hindu | ||
| 653 | _aMantrasastra | ||
| 653 | _aG-Religion | ||
| 942 |
_2ddc _cBK |
||
| 999 |
_c30256 _d30256 |
||